Name a Valid Answer - General Knowledge - Statistics

General Stats
  • This quiz has been taken 422 times
  • The average score is 11 of 16
Answer Stats
Clue Valid Answer % Correct
Types of animals in Winnie the Pooh Bear | Rabbit | Owl | Kangaroo | Pig | Donkey | Human
97%
Top 5 African countries with most KFC locations South Africa | Egypt | Kenya | Ghana | Nigeria
97%
FIFA men's world cup winners since 2000 Brazil | Italy | Spain | Germany | France | Argentina
95%
Countries with 5 or more Eurovison wins Sweden | Ireland | Luxembourg | France | UK
90%
Languages that use the letter Ö German | Finnish | Estonian | Hungarian | Turkish | Swedish | Icelandic
89%
Teenage Mutant Ninja Turtles Leonardo | Donatello | Michelangelo | Raphael
89%
UFC weight classes Straw | Fly | Bantam | Feather | Light | Welter | Middle | Light heavy | Heavy
80%
The other chipmunks in Alvin and the Chipmunks Simon | Theodore
74%
NYT games Strands | Wordle | Spelling Bee | The Crossword | The Mini | Connections | Zorse | Tiles | Letter Boxed
70%
US state flags with NO blue on them Alabama | California | Maryland | New Mexico
67%
Poutine ingredients Gravy | Cheese Curds | French Fries
63%
Elements with an atomic number between 20-30 Calcium | Scandium | Titanium | Vanadium | Chromium | Manganese | Iron | Cobalt | Nickel | Copper | Zinc
60%
Beyoncé solo albums Dangerously in Love | B'Day | I Am... Sasha Fierce | 4 | Beyoncé | Lemonade | Renaissance | Cowboy Carter
46%
Main Balearic Islands Mallorca | Menorca | Ibiza | Formentera | Cabrera
40%
Animated Disney movies from the 80s The Little Mermaid | Oliver & Company | The Great Mouse Detective | The Black Cauldron | The Fox and the Hound
36%
Nordic countries head of state Halla Tómasdóttir | Carl XVI Gustaf | Frederik X | Alexander Stubb | Harald V
11%
No matching quizzes found
Score Distribution
Percent of People with Each Score
Percentile by Number Answered
Your Score History
You have not taken this quiz